Un modelo simple sobre el comportamiento macroeconómico argentino en el corto plazo (Registro nro. 16223)
[ vista simple ]
| 000 -LEADER | |
|---|---|
| fixed length control field | 00373 a2200109 4500 |
| 001 - CONTROL NUMBER | |
| control field | ART_3189 |
| 005 - DATE AND TIME OF LATEST TRANSACTION | |
| control field | 20260410161712.0 |
| 008 - FIXED-LENGTH DATA ELEMENTS--GENERAL INFORMATION | |
| fixed length control field | 260409a |
| 100 1# - MAIN ENTRY--PERSONAL NAME | |
| Personal name | Porto, Alberto |
| 245 10 - TITLE STATEMENT | |
| Title | Un modelo simple sobre el comportamiento macroeconómico argentino en el corto plazo |
| 773 0# - HOST ITEM ENTRY | |
| Title | Desarrollo económico |
| Related parts | - Vol. 15, Nº 59 (oct./dic. 1975) |
| Record control number | REV1174 |
No hay ítems disponibles.